00336nam a22001097a 4500020001600000040000900016082001800025100002300043245005700066260004700123650005600170 a04711280066 cNust a572.8633bAUT aTony G beugelsdijk aAutomation technologies for Genome Characterization  aNew York:bJohn Wiley and sons Inc,c1997. aAutomation technologies for Genome Characterization